[Event "GER-chT U10"]
[Site "Magdeburg"]
[Date "2016.12.27"]
[Round "1.3"]
[White "Tempel, Emil"]
[Black "Heinitz, Arthur"]
[Result "0-1"]
[WhiteElo "600"]
[BlackElo "776"]
[PlyCount "110"]
[EventDate "2016.12.27"]
[EventType "team-swiss"]
[EventRounds "7"]
[EventCountry "GER"]
[SourceTitle "EXT 2018"]
[Source "ChessBase"]
[SourceDate "2017.10.13"]
[SourceVersion "1"]
[SourceVersionDate "2017.10.13"]
[SourceQuality "1"]
[WhiteTeam "Friedrichshagen"]
[BlackTeam "Vaterstetten"]
[WhiteTeamCountry "GER"]
[BlackTeamCountry "GER"]

1. e4 e5 2. Nf3 Nc6 3. Bc4 Bc5 4. d3 d6 5. Bg5 f6 6. Be3 Bg4 7. c3 Bxe3 8. fxe3 Nge7 9. d4 Qd7 10. dxe5 Nxe5 11. Nbd2 0-0-0 12. h3 Bxf3 13. Nxf3 Nxf3+ 14. gxf3 a6 15. Qb3 b6 16. Rd1 Qc6 17. Bxa6+ Kb8 18. Qb5 Qxb5 19. Bxb5 Kb7 20. Rd4 Ra8 21. Ra4 Rxa4 22. Bxa4 Nc6 23. Bxc6+ Kxc6 24. Kd2 Kd7 25. h4 Rg8 26. f4 Ke6 27. b4 g5 28. Rg1 h6 29. Kc2 Ra8 30. hxg5 fxg5 31. fxg5 hxg5 32. Rxg5 c5 33. bxc5 bxc5 34. Rg6+ Kd7 35. Rg7+ Kc6 36. Rg6 Rb8 37. Rh6 Re8 38. Kd3 Rd8 39. Rh5 d5 40. Rh6+ Kb5 41. c4+ dxc4+ 42. Kc3 Rd3+ 43. Kc2 Rxe3 44. Re6 Re2+ 45. Kb1 c3 46. a3 c4 47. Kc1 c2 48. Re5+ Ka4 49. Rd5 Kb3 50. e5 c3 51. Rb5+ Kc4 52. Rb4+ Kd3 53. Rd4+ Kxd4 54. a4 Kd3 55. e6 Re1# 0-1